Responses for Show #3167 - Tuesday, May 12, 1998

1998 College Championship semifinal game 2.
From Zellerbach Auditorium at the University of California-Berkeley.

Contestants

[<< previous game]

Claire Ogilvie, a sophomore at Yale University from Branford, Connecticut

Andrew Hutchings, a senior at Harvey Mudd College from Tucson, Arizona

Grace Lansangan, a junior at Barton College from Virginia Beach, Virginia

[next game >>]

Jeopardy! Round responses

HIGH PLACES
ASTROLOGY
OH, THE HUMANITIES!
COLLEGE MASCOTS
(Alex: We'll show you the mascot, you identify the school.)
HERCULES & XENA
DOESN'T RHYME WITH DIRT
    $100 12
Mount Fuji

Grace
    $100 7
Gemini

Andrew
    $100 26
Liberal Arts

Andrew
    $100 9
Minnesota

Claire
    $100 18
Lucy Lawless

Claire
    $100 1
(Alex: We didn't accept Bert.)

Ernie

Grace
    $200 17
Matterhorn

Andrew
    $200 6
Mars

Grace
    $200 27
(Andrew: What is Athens?)
(Alex: We'll accept that, even though you were specific.)

Greece

Andrew
    $200 13
Kansas

Grace
    $200 19
Julius Caesar

Andrew
    $200 2
No Shoes

Andrew
    $300 22
(A: What is Vesuvius?)

Mount Etna

AndrewClaire
    $300 8
Scorpio

Andrew
    $300 28
Sciences

Grace
    $300 14
Purdue

Triple Stumper
    $300 20
Kevin Sorbo

Grace
    $300 3
Gene Siskel

Andrew
    $700 23
New Zealand

Claire
    $400 10
Pisces

Grace
    $400 29
Don Henley

Grace
    $400 15
Nebraska

Andrew
    $400 21
Callisto

Triple Stumper
    $400 4
Sir Arthur Sullivan

Grace
    $500 24
Himalayas

Grace
    $500 11
Libra

Claire
    $500 30
National Endowment for the Humanities

Triple Stumper
    $500 16
Duke

Grace
    $500 25
Hercules: The Legendary Journeys

Triple Stumper
    $500 5
Cheese

Claire

Scores at the first commercial break (after clue 17):

Grace Andrew Claire
$1,900 $1,500 $1,100

Scores at the end of the Jeopardy! Round:

Grace Andrew Claire
$3,400 $1,700 $2,200

Double Jeopardy! Round responses

THAT'S ANCIENT HISTORY, MAN
SHOW ME THE MONKEY!
POET-POURRI
ELECTRONIC MUSIC
HE'S MY VICE PRESIDENT!
WORD PROCESSING
    $200 1
Barter

Andrew
    $200 2
a spider monkey

Andrew
    $200 24
Edgar Allan Poe

Andrew
    $200 11
Detroit

Andrew
    $200 15
Richard M. Nixon

Grace
    $200 18
(C: What is drive?)

Merge

Claire
Triple Stumper
    $400 6
Constantinople

Claire
    $400 3
(Claire: What is a hyena?)

a howler monkey

AndrewClaire
    $400 25
Henry Wadsworth Longfellow

Grace
    $400 12
Herman Melville

Andrew
    $400 16
Franklin D. Roosevelt

Grace
    $400 19
Font

Andrew
    $600 7
(G: Who was Hammurabi?)

Nebuchadnezzar

GraceAndrew
    $600 4
Capuchin

Triple Stumper
    $600 26
Robert Frost

Triple Stumper
    $600 13
(C: Who are the Blues Brothers?)

Chemical Brothers

Claire
Triple Stumper
    $600 21
Franklin D. Roosevelt

Claire
    $600 20
Cursor

Claire
    $800 8
Mayans

Andrew
    $800 5
(Grace: What is [**]?)
(Alex: We will accept that.)

a Barbary ape (or a Gibraltar ape)

Grace
    $800 28
"Prometheus Unbound"

Andrew
    $800 14
Prodigy

Claire
    $800 22
Franklin D. Roosevelt

Claire
    $800 29
Default

Andrew
    $1,700 9
(Andrew: Who are the Tartars?)
(Alex: The Tartars, the Mongols, the Golden Horde...all acceptable.)

Mongols/Tartars/Golden Horde

Andrew
    $1000 10
a Rhesus monkey

Grace
    $1000 27
Lord Byron

Andrew
    $1000 17
(Grace: What is Garbage?)

Portishead

Grace
Triple Stumper
    $4,000 23
Harry Truman

Claire
    $1000 30
Macro

Andrew

Scores at the end of the Double Jeopardy! Round:

Grace Andrew Claire
$4,600 $10,400 $8,200

[wagering suggestions for these scores]

Final Jeopardy! Round responses

PLACES IN CANADA
[[*] is on the Avon River.]
GraceWhat is St. Lawrence?
$4,599
ClaireWhat is St. Lawrence?
$8,199
AndrewWhat is Halifax?
$6,001
Stratford, Ontario

Final scores:

Grace Andrew Claire
$1 $4,399 $1
3rd place: $5,000 Finalist 2nd place: $5,000

Game dynamics:

Coryat scores:

Grace Andrew Claire
$4,600 $9,700 $4,900
16 R,
2 W
23 R
(including 1 DD),
1 W
12 R
(including 2 DDs),
3 W

Combined Coryat: $19,200

[game clues] [game scores] [suggest correction]

Game tape date: Unknown
The J! Archive is created by fans, for fans. Scraping, republication, monetization, and malicious use prohibited; this site may use cookies and collect identifying information. See terms. The Jeopardy! game show and all elements thereof, including but not limited to copyright and trademark thereto, are the property of Jeopardy Productions, Inc. and are protected under law. This website is not affiliated with, sponsored by, or operated by Jeopardy Productions, Inc. Join the discussion at JBoard.tv.